Historia 3 : la organización y desarrollo de la nación argentina y el mundo contemporáneo /

Guardado en:
Autor Principal: Miretzky, María L. N. De
Otros Autores: Royo, Susana N.
Formato: Libro
Publicado: Buenos Aires : Kapelusz, 1982
Edición:2a. ed.
Materias:
Etiquetas: Agregar Etiqueta
Sin Etiquetas, Sea el primero en etiquetar este registro!
LEADER 01421nam a22003135a 4500
001 CEM.cems004434
005 20060216000000.0
008 130507s1982##################000#0#####d
003 CEMS
082 0 4 |a 982.05 
100 1 |a Miretzky, María L. N. De 
245 1 0 |a Historia 3 :  |b la organización y desarrollo de la nación argentina y el mundo contemporáneo / 
250 |a 2a. ed. 
260 |a Buenos Aires :  |b Kapelusz,  |c 1982 
300 |a 340 p. 
653 |a Historia 
653 |a Historia argentina 
700 1 |a Royo, Susana N. 
859 |a CEMS  |b BIB. CEMS - 11 de abril  |h 982.05  |i M676a2/III  |p 11059.82  |t Ej.6 
859 |a CEMS  |b BIB. CEMS - 11 de abril  |h 982.05  |i M676a2/III  |p 11807.83  |t Ej.1 
859 |a CEMS  |b BIB. CEMS - 11 de abril  |h 982.05  |i M676a2/III  |p 11808.83  |t Ej.2 
859 |a CEMS  |b BIB. CEMS - 11 de abril  |h 982.05  |i M676a2/III  |p 11809.83  |t Ej.3 
859 |a CEMS  |b BIB. CEMS - 11 de abril  |h 982.05  |i M676a2/III  |p 11810.83  |t Ej.4 
859 |a CEMS  |b BIB. CEMS - 11 de abril  |h 982.05  |i M676a2/III  |p 11811.83  |t Ej.5 
859 |a CEMS  |b BIB. CEMS - 11 de abril  |h 982.05  |i M676a2/III  |p 14963.88  |t Ej.7 
859 |a CEMS  |b BIB. CEMS - 11 de abril  |h 982.05  |i M676a2/III  |p 14964.88  |t Ej.8 
859 |a CEMS  |b BIB. CEMS - 11 de abril  |h 982.05  |i M676a2/III  |p 14965.88  |t Ej.9 
859 |a CEMS  |b BIB. CEMS - 11 de abril  |h 982.05  |i M676a2/III  |p 14966.88  |t Ej.10 
859 |a CEMS  |b BIB. CEMS - 11 de abril  |h 982.05  |i M676a2/III  |p 14967.88  |t Ej.11